000 00678nam a2200205 4500
003 OSt
005 20240619015006.0
006 a
008 240619b |||||||| |||| 00| 0 eng d
020 _a9789719487104
040 _aDWCL-Main lib.
_cOC
082 _aCirc. 342.59 A581b 2010
110 _aASSOCIATION OF SOUTHEAST ASIAN NATIONS
245 _aAng saligang batas ng ASEAN /
260 _aPasay City, Phils. :
_bKagawaran ng Ugnayang Panlabas-Tanggapan ng mga Usaping ASEAN,
_cc2010.
300 _b1-58 p. ;
_c15 cm.
650 _a1. Constitution–Southeast Asian countries.
650 _a2. Southeast Asian countries–Constitution.
942 _2ddc
_n0
_cBK-CIRC
_kCirc.
999 _c862
_d862